TV Show Side Characters II Quiz Stats

 Plays Quiz Updated Jan 3, 2016

Challenge
Share
Tweet
Score 0/20 Timer 08:00
8 Plays Today
% Correct
Lost
79.9%
Glee
78.7%
House, M.D.
63.3%
American Dad!
62.8%
The Powerpuff Girls
61.8%
Malcolm in the Middle
60.2%
Orange is the New Black
54%
My Name is Earl
51.3%
Modern Family
50.1%
Parks and Recreation
42.5%
% Correct
Supernatural
38.2%
Marvel's Agents of S.H.I.E.L.D
36%
Once Upon a Time
31.3%
American Horror Story
30.5%
Gossip Girl
29.4%
The Office (UK)
29.2%
Pretty Little Liars
27.7%
Entourage
24.7%
Boardwalk Empire
22%
Pushing Daisies
17.1%

You're not logged in!

Compare scores with friends on all Sporcle quizzes.
Join for Free
OR
Log In

You Might Also Like...

Show Comments

Extras

Top Quizzes Today


Score Distribution

Your Account Isn't Verified!

In order to create a playlist on Sporcle, you need to verify the email address you used during registration. Go to your Sporcle Settings to finish the process.

Report this User

Report this user for behavior that violates our Community Guidelines.

Details: